Minecraft Movie Mobs - Statistics

General Stats
  • This quiz has been taken 103 times
    63 since last reset
  • The average score is 16 of 24
Answer Stats
Answer % Correct
Pig
90%
Chicken
86%
Zombie
86%
Piglin
83%
Sheep
83%
Villager
83%
Skeleton
81%
Chicken Jockey
79%
Spider
79%
Bee
76%
Wolf
74%
Creeper
71%
Cow
69%
Ghast
69%
Enderman
67%
Iron Golem
67%
Vindicator
60%
Hoglin
52%
Llama
52%
Spider Jockey
48%
Evoker
43%
Zombified Piglin
40%
Panda
36%
Wandering Trader
33%
No matching quizzes found
Score Distribution
Percent of People with Each Score
Percentile by Number Answered
Your Score History
You have not taken this quiz since the last reset